000 00539nab a2200145Ia 4500
003 ES-SlBCS
005 20210601145020.0
008 140529s1990 xxu||||| |||| 00| 0 spa d
041 _aspa
100 1 _aLópez Latorre, M. J.
_9307023
245 0 0 _aLa dimensión colaborativa de la Revista de Psicología General y Aplicada (1980-1986)
_c M. J. López Latorre
630 0 4 _aRevista de Psicología General y Aplicada
_9298720
773 0 _tRevista de Historia de la Psicologia
_gvol. 11, nº. 3-4, 1990, págs. 241-255
_wRev700
942 _cAR
999 _c718043
_d718043